Bezpečnostné riziká v medzinárodných vzťahoch v 21. storočí v optike verejnosti: kontexty pre empirické skúmanie

Pohľad slovenskej verejnosti na bezpečnostné riziká v medzinárodných vzťahoch v 21. storočí. Začiatok 21. storočia je významne poznačený procesmi globalizácie. Vedomie národnej príslušnosti. Európska integrácia a Slovensko. Globálne vedomie a globálna verejnosť vo vzťahu k rizikám globálnych ohrozen...

ver descrição completa

Na minha lista:
Detalhes bibliográficos
Autor principal: Plávková, Oľga
Formato: Capítulo de Livro
Idioma:eslovaco
Assuntos:
Tags: Adicionar Tag
Sem tags, seja o primeiro a adicionar uma tag!

MARC

LEADER 00000naa$a2200000$$$4500
001 0052625
005 20240502071617.0
041 0 |a slo 
044 |a SK 
245 1 0 |a Bezpečnostné riziká v medzinárodných vzťahoch v 21. storočí v optike verejnosti: kontexty pre empirické skúmanie  |c Oľga Plávková 
520 |a Pohľad slovenskej verejnosti na bezpečnostné riziká v medzinárodných vzťahoch v 21. storočí. Začiatok 21. storočia je významne poznačený procesmi globalizácie. Vedomie národnej príslušnosti. Európska integrácia a Slovensko. Globálne vedomie a globálna verejnosť vo vzťahu k rizikám globálnych ohrození. Formovanie bezpečnostného vedomia občanov Slovenska. 
610 2 0 |a bezpečnosť 
610 2 0 |a bezpečnosť európska 
610 2 0 |a riziko bezpečnostné 
610 2 0 |a vzťahy medzinárodné 
610 2 0 |a globalizácia 
610 2 0 |a mienka verejná 
610 2 0 |a Európa 
610 2 0 |a Slovensko 
100 1 |a Plávková, Oľga